000 00288nam a22001337a 4500
008 170526b xxu||||| |||| 00| 0 eng d
020 _a9283310357
041 _aeng
080 _a62
100 _a25
101 _aIM
245 _aGUIDE TO QUALITY CONTROL
_cISIKAWA,K
942 _2udc
_cBK
999 _c14341
_d14341